Stadtteile der Stadt Oberhausen - Statistiken

Allgemein
  • Dieses Quiz wurde 146 mal gespielt
  • Das Durchschnittsergebnis liegt bei 8 aus 25
Antworten auf der Karte
Die Antworten werden auf der Karte rot bzw. grün angezeigt, abhängig davon wie oft sie richtig erraten wurden.
 
Antwortstatistiken
Antwort % Korrekt
Sterkrade-Mitte
51%
Schmachtendorf
45%
Königshardt
43%
Alsfeld
39%
Holten
39%
Biefang
35%
Neue Mitte
35%
Oberhausen-Mitte
35%
Barmingholten
33%
Buschhausen
33%
City West
33%
Alstaden
31%
Osterfeld-Mitte
31%
Borbeck
29%
Lirich
29%
Styrum
27%
Dümpten
25%
Tackenberg
25%
Klosterhardt (-Süd)
24%
Oberhausen-Ost
24%
Vonderort
22%
Walsumermark
22%
Osterfeld-Heide
20%
Rothebusch
20%
Tackenberg / Klosterhardt-Nord
18%
Keine übereinstimmenden Quizze gefunden
Verteilung der Resultate
Anzahl Personen mit jedem Resultat
Perzentil nach korrekt beantworteten Fragen
Ihre Resultats-Entwicklung
Sie haben dieses Quiz noch nicht gespielt